Slovník latinských skratiek
Saved in:
| Main Author: | |
|---|---|
| Format: | Book |
| Language: | Latin Slovak |
| Published: |
Bratislava
Slovenské pedagogické nakladateľstvo
1995
|
| Edition: | 1. vyd. |
| Subjects: | |
| Tags: |
No Tags, Be the first to tag this record!
|
MARC
| LEADER | 00000nam a2200000 4500 | ||
|---|---|---|---|
| 001 | c011939 | ||
| 005 | 20230228104423.3 | ||
| 020 | |a 80-08-00422-3 | ||
| 041 | 0 | |a lat | |
| 041 | 0 | |a slo | |
| 044 | |a SK | ||
| 245 | 1 | 0 | |a Slovník latinských skratiek |c Peter Kuklica |
| 250 | |a 1. vyd. | ||
| 264 | 1 | |a Bratislava |b Slovenské pedagogické nakladateľstvo |c 1995 | |
| 300 | |a 205 s. | ||
| 610 | 2 | 0 | |a príručky |
| 610 | 2 | 0 | |a jazykoveda |
| 610 | 2 | 0 | |a terminológia |
| 100 | 1 | |a Kuklica, Peter | |